Responses for show #450 - Friday, May 30, 1986

Marvin Shinkman game 5.

Contestants

Paul Baress, a sales manager from Van Nuys, California

Kathleen Guzzi, a housewife from Pittsburgh, Pennsylvania

Marvin Shinkman, a stamp dealer from Van Nuys, California (whose 4-day cash winnings total $39,203)

Jeopardy! Round responses

1956
CORPORATE AMERICA
ABOUT "FACE"
CALIFORNIA
JARGON
DYNASTIES
    $100 20
Nasser

Marvin
    $100 11
E.F. Hutton

Marvin
    $100 18
face-off

Marvin
    $100 4
(grizzly) bear

Marvin
    $100 3
a stunt

Paul
    $100 1
Hefner

Marvin
    $200 21
play under a tent

Marvin
    $200 15
Random House

Paul
    $200 23
a face lift

Marvin
    $200 5
garlic

Marvin
    $200 9
reading their rights

Marvin
    $200 2
the Rockefellers

Kathleen
    $300 22
King Lear

Kathleen
    $300 16
(Paul: [*].)
(Alex: Question?)
...
(Alex: Now known as Nabisco.)

National Biscuit Company

Paul
    $300 24
(Paul: What is "Funny Face"?)

"Put On A Happy Face"

KathleenPaul
    $300 6
(Paul: What is Lake Tahoe?)

Squaw Valley

Paul
Triple Stumper
    $300 10
chief executive officer

Kathleen
    $300 7
Zanuck

Paul
    $400 30
Ford

Kathleen
    $400 17
promos (ads)

Triple Stumper
    $400 25
Face the Nation

Paul
    $400 27
Earl Warren

Marvin
    $700 12
(Marvin: [*]? What is [*]?)

he'll cheat

Marvin
    $400 8
Wyeth

Kathleen
    $500 29
John F. Kennedy

Marvin
    $500 19
(Paul: What is the pocket?)
(Alex: Be a little more specific.)

the seam on the pocket (pocket trim)

Paul
    $500 26
(Alex: [After clue is selected] With about a minute to go in the round.)
...
(Kathleen: What is the face amount?)

face value

KathleenPaul
    $500 28
John Muir

Paul
    $500 13
box office

Marvin
    $500 14
(Tony) Perkins

Kathleen

Scores at the first commercial break (after clue 14):

Marvin Kathleen Paul
$1,900 $1,400 $100

Scores at the end of the Jeopardy! Round:

Marvin Kathleen Paul
$3,400 $1,900 $2,200

Double Jeopardy! Round responses

SPACE TRAVEL
TYPOGRAPHY
HUMORISTS
WATERGATE
THE '85 TV SEASON
DID YOU NOTICE?
    $200 18
typographical error

Paul
    $200 5
Art Buchwald

Marvin
    $200 3
Plumbers

Marvin
    $200 10
Alfred Hitchcock

Paul
    $200 1
Paul McCartney

Kathleen
    $400 24
6

Triple Stumper
    $400 19
capital

Marvin
    $400 6
Garrison Keillor

Triple Stumper
    $400 4
Disney World

Kathleen
    $400 11
the first show cancelled

Paul
    $400 2
(Paul: What is the guitar?)
...
(Alex: The "A" stands for Herb Alpert and he of course is a well-known [*] player.)

trumpet

MarvinPaul
    $600 25
[The end-of-round signal sounds.]

soyuz

Kathleen
    $600 20
a plus

Paul
    $600 15
Erma Bombeck

Marvin
    $600 7
(Marvin: Uhhhh)
(Alex: You have to ring in first.)
(Marvin: What is solicitor general?)
(Kathleen: What is White House chief of staff?)

acting attorney general

MarvinKathleen
Triple Stumper
    $600 12
Alan Thicke

Marvin
    $400 23
(Paul: What is 1?)
(Alex: And?)
(Paul: 2.)

0 & 1

Paul
    $1,400 21
Helvetica

Paul
    $800 16
(Paul: Who is Daniel Webster?)

Ambrose Bierce

Paul
Triple Stumper
    $800 8
Mr. Haldeman

Triple Stumper
    $800 13
The Equalizer

Kathleen
    $1000 22
(Alex: We've got a minute to go in the round.)

serif

Paul
    $1000 17
[ERRATUM: The correct title is "Anyone Got a Match?".]

Max Shulman

Triple Stumper
    $1000 9
August (1974)

Kathleen
    $1000 14
[Applause for Kathleen taking the lead.]

The Wuzzles

Kathleen

Scores at the end of the Double Jeopardy! Round:

Marvin Kathleen Paul
$5,200 $5,300 $4,400

[wagering suggestions for these scores]

Final Jeopardy! Round responses

GENERALS
PaulWhat is 5 star general
$400
MarvinWho was Eisenhower
$5,200
KathleenWho was Eisenhower?
$5,200
George Washington

Final scores:

Marvin Kathleen Paul
$0 $100 $4,000
3rd place: White-Westinghouse refrigerator/freezer 2nd place: trip on Delta to Hollywood, Florida & stay at the Diplomat Hotel New champion: $4,000

Game dynamics:

Coryat scores:

Marvin Kathleen Paul
$4,900 $5,300 $4,200
19 R
(including 1 DD),
1 W
13 R,
2 W
14 R
(including 1 DD),
5 W
(including 1 DD)

Combined Coryat: $14,400

The J! Archive is created by fans, for fans. The Jeopardy! game show and all elements thereof, including but not limited to copyright and trademark thereto, are the property of Jeopardy Productions, Inc. and are protected under law. This website is not affiliated with, sponsored by, or operated by Jeopardy Productions, Inc. Join the discussion at JBoard.tv.